Statistiques concernant Les anciennes régions françaises

Cliquez ici pour prendre le quiz!

Statistiques générales

  • Ce quiz a été pris 380 fois
  • Le résultat moyen est 18 sur 22

Statistiques - réponses

Région% Correct
Bretagne
95%
Alsace
94%
Île-de-France
92%
Nord-Pas-de-Calais
90%
Provence-Alpes-Côte d'Azur
88%
Centre-Val de Loire
86%
Lorraine
86%
Aquitaine
84%
Haute-Normandie
84%
Basse-Normandie
83%
Corse
82%
Picardie
82%
Bourgogne
81%
Rhône-Alpes
81%
Auvergne
77%
Champagne-Ardenne
77%
Pays de la Loire
75%
Franche-Comté
74%
Languedoc-Roussillon
70%
Limousin
70%
Poitou-Charentes
64%
Midi-Pyrénées
61%

Distribution des résultats

Percentile par nombre de réponses

% des personnes avec chaque résultat

Votre développement - résultats

Vous n’avez pas pris ce quiz